Catalog

Record Details

Catalog Search



Commentary on the Old Testament / Vol. 4, Part 1-2 Job Cover Image Book Book

Commentary on the Old Testament / by C. F. Keil and F. Delitzsch ; Translated by Francis Bolton Vol. 4, Part 1-2 Job

Keil, Carl F. (Author). Delitsch, Franz (Added Author). Bolton, Francis (Added Author).

Record details

  • ISBN: 0-8028-8036-3
  • Physical Description: 453 + x + 450 p.
  • Publisher: Grand Rapids, Michigan William B. Eerdmans 1985

Available copies

  • 2 of 2 copies available at Common Catalog SPOK.

Holds

  • 0 current holds with 2 total copies.
Show Only Available Copies
Location Call Number / Copy Notes Barcode Shelving Location Status Due Date
ETS Library 221.7 424470004289 Volný výběr Available -
ETS Library 221.7 424470004291 Volný výběr Available -

LDR 00856nam a2 00277
00138838
003CZ-PrJAB
00520030724000000.0
008010924s1985 xxu e |||| |eng
009us
020 . ‡a0-8028-8036-3
035 . ‡a(CONS)1435
035 . ‡aKPS9650
040 . ‡aABG450
041 . ‡aeng
08214. ‡a221.7
100 . ‡74401 ‡aKeil, Carl F.
245 . ‡aCommentary on the Old Testament / ‡cby C. F. Keil and F. Delitzsch ; Translated by Francis Bolton ‡nVol. 4, Part 1-2 ‡pJob
260 . ‡aGrand Rapids, Michigan ‡bWilliam B. Eerdmans ‡c1985
300 . ‡a453 + x + 450 p.
490 . ‡aCommentary on the Old Testament
653 . ‡aCommentary on the Old Testament ‡aJob
700 . ‡75500 ‡aDelitsch, Franz
700 . ‡74403 ‡aBolton, Francis
8524 . ‡bETS ‡bETS ‡cVolný výběr ‡j221.7 ‡gE ‡p424470004291
910 . ‡aABG450
910 . ‡aABG450
999 . ‡a1433 ‡bAUTOGEN ‡c1433 ‡tbiblio
999 . ‡a1435 ‡bAUTOGEN ‡c1435 ‡tbiblio
905 . ‡uadmin
901 . ‡a38838 ‡b ‡c38838 ‡tbiblio ‡sets

Additional Resources